La ciudad iberoaméricana : (Registro nro. 36141)
[ vista simple ]
| 000 -CABECERA | |
|---|---|
| campo de control de longitud fija | 00494nam a2200133 a 4500 |
| 001 - NÚMERO DE CONTROL | |
| campo de control | 000036650 |
| 005 - FECHA Y HORA DE LA ÚLTIMA TRANSACCIÓN | |
| campo de control | 20200930075843.0 |
| 008 - DATOS DE LONGITUD FIJA--INFORMACIÓN GENERAL | |
| campo de control de longitud fija | 120124s1985 ag 000 0 spa d |
| 040 ## - FUENTE DE LA CATALOGACIÓN | |
| Centro catalogador/agencia de origen | DO-SdBNP |
| Lengua de catalogación | spa |
| Centro/agencia transcriptor | BNPHU |
| 245 03 - MENCIÓN DE TÍTULO | |
| Título | La ciudad iberoaméricana : |
| Resto del título | actas del Seminario, Buenos Aires 1985 /. |
| 260 ## - PUBLICACIÓN, DISTRIBUCIÓN, ETC. | |
| Lugar de publicación, distribución, etc. | Buenos Aires : |
| Nombre del editor, distribuidor, etc. | Centro de Estudios y experimentación de Obras Públicas, |
| Fecha de publicación, distribución, etc. | [1985?]. |
| 300 ## - DESCRIPCIÓN FÍSICA | |
| Extensión | 302 p. : |
| Otras características físicas | il., mapas ; |
| Dimensiones | 31 cm. |
| 504 ## - NOTA DE BIBLIOGRAFÍA, ETC. | |
| Nota de bibliografía, etc. | Incluye Bibliografía a final de cada capítulo |
| Estado de retiro | Estado de pérdida | Restricciones de uso | No para préstamo | Código de colección | Localización permanente | Ubicación/localización actual | Ubicación en estantería | Fecha de adquisición | Número de inventario | Total de préstamos | Signatura topográfica completa | Código de barras | Fecha visto por última vez | Precio válido a partir de | Tipo de ítem Koha |
|---|---|---|---|---|---|---|---|---|---|---|---|---|---|---|---|
| Excluido de préstamo | Monografías: Libros y Folletos | General | General | En catalogación | 24.01.2012 | LF1 | 36650-10 | 25.06.2020 | 25.06.2020 | No se presta | |||||
| Monografías: Libros y Folletos | General | General | Orden iniciada | 24.01.2012 | LF1 | 36651-10 | 25.06.2020 | 25.06.2020 | No se presta |
